Schnelle Mathematik - Multiplikation zur Basis 12 Level 04 - Statistiken

Allgemein
  • Dieses Quiz wurde 37 mal gespielt
  • Das Durchschnittsergebnis liegt bei 15 aus 20
Antwortstatistiken
Frage Antwort % Korrekt
0⋅0 0
100%
0⋅1 0
100%
0⋅2 0
100%
0⋅5 0
100%
3⋅0 0
100%
4⋅0 0
100%
6⋅0 0
100%
6⋅2 10
100%
4⋅4 14
100%
3⋅6 16
100%
1⋅2 2
100%
2⋅1 2
100%
5⋅6 26
100%
6⋅5 26
100%
3⋅1 3
100%
1⋅4 4
100%
2⋅2 4
100%
4⋅1 4
100%
1⋅5 5
100%
5⋅1 5
100%
1⋅6 6
100%
2⋅4 8
100%
0⋅3 0
75%
5⋅0 0
67%
1⋅1 1
67%
6⋅4 20
67%
1⋅3 3
67%
4⋅2 8
67%
3⋅3 9
67%
1⋅0 0
50%
2⋅6 10
50%
3⋅5 13
50%
4⋅5 18
50%
5⋅4 18
50%
4⋅6 20
50%
5⋅5 21
50%
5⋅2 A
50%
5⋅3 13
33%
0⋅4 0
0%
0⋅6 0
0%
2⋅0 0
0%
3⋅4 10
0%
4⋅3 10
0%
6⋅3 16
0%
6⋅6 30
0%
2⋅3 6
0%
3⋅2 6
0%
6⋅1 6
0%
2⋅5 A
0%
Keine übereinstimmenden Quizze gefunden
Verteilung der Resultate
Anzahl Personen mit jedem Resultat
Perzentil nach korrekt beantworteten Fragen
Ihre Resultats-Entwicklung
Sie haben dieses Quiz noch nicht gespielt